MARC

LEADER 00000nam0a2200000 4500
001 267478
005 20231101234102.0
020 |a RU  |b 86-96478 
035 |a (RuTPU)RU\TPU\book\290535 
090 |a 267478 
100 |a 20140730d1986 e y0rusy5003 ca 
101 0 |a rus 
102 |a RU 
105 |a a z 000zb 
200 1 |a Д. Д. Томсон  |e книга для учащихся  |f С. П. Кудрявцев 
210 |a Москва  |c Просвещение  |d 1986 
215 |a 76 с.  |c ил.  |d 22 см 
225 1 |a Люди науки 
600 1 |a Томсон  |g Джозеф Джон  |b Дж. Дж.  |c английский физик  |f 1865-1940  |2 stltpush  |3 (RuTPU)RU\TPU\pers\1657 
606 1 |a Физики  |x Персоналии  |2 stltpush  |3 (RuTPU)RU\TPU\subj\67452  |9 83245 
610 1 |a физика 
610 1 |a физическая наука 
610 1 |a Англия 
610 1 |a 19 век 
610 1 |a 20 век 
610 1 |a электричество 
610 1 |a магнетизм 
610 1 |a электроны 
610 1 |a электронная теория 
610 1 |a металлы 
610 1 |a проводимость 
610 1 |a биографии 
675 |a 53(092)  |z rus  |v 3 
700 1 |a Кудрявцев  |b С. П.  |g Сергей Павлович  |4 070 
801 0 |a RU  |b RuMRKP  |c 19950417  |g psbo 
801 1 |a RU  |b 63413507  |c 20140730 
801 2 |a RU  |b 63413507  |c 20150918  |g RCR 
942 |c BK